1531 1708 1460 1766 1530 1921 1454 1890 1017 1831 1551 1575 1197 1219 1182 1369 1670 1233 1092 1197 1615 1281 1259 1696 1477 1047 1781 1469 1959 1057 1702 1855 1504 1502 1088 1218 1817 1773 1670 1353 1995 1174 1021 1754 1333 1120 1237 1407 1064 1337 1608 1856 1055 1502 1096 1873 1254 1867 1692 1256 1431 1059 1352 1410 1375 1569 1303 1409 1053 1084 1766 1239 1004 1296 1726 1721 1929 1826 1247 1699 1984 1607 1693 1647 1927 1896 1689 1712 1241 1389 1560 1123 1891 1771 1185 1760 1738 1456 1382 BCNSPRNW ULIB Ver.6.0+V

เปลี่ยนเป็นภาษาไทย

Change to English
 แสดงรายละเอียดบรรณานุกรม
  กลับหน้าหลัก

Brief Record : Get Marc (ISO 2709) : E-mail record : QR code < ปิดหน้าต่าง
LEADER : 00000nam 2200000uu 4500
001    13399111728
003     ULIB
008    110707s2552||||th 000 0 tha d
020    9789740204671
050 04 DS555.5^bส843ฮ 2552
100 0  สุมิตรา จันทร์เงา
245 10 ฮักแพง...เมืองลาว /^cสุมิตรา จันทร์เงา
250    พิมพ์ครั้งที่ 1
260    กรุงเทพฯ :^bมติชน,^c2552
300    227 หน้า :^bภาพประกอบ
651  7 ลาว^xภูมิประเทศและการท่องเที่ยว
651  7 ลาว^xความเป็นอยู่และประเพณี
945    ^p160^l0^i027608
995    ทศพร
999 ^a ใช้งานได้ทุกระบบ
รายการนี้ยังไม่มีแท็ก
คุณยังไม่ได้ล็อกอิน คุณสามารถมีกิจกรรมร่วมกับเว็บไซต์ได้ แต่ต้องล็อกอินก่อน ::
  ล็อกอิน

รายการสื่อสารสนเทศ

ลำดับที่ ประเภท เลขเรียก/บาร์โค้ด สถานที่ สถานะ
- ไม่พบข้อมูล -

รายการใกล้เคียง
    ผู้แต่ง [สุมิตรา จันทร์เงา]

BibComment


ยังไม่เคยถูกคอมเมนท์

คอมเมนท์ทรัพยากรรายการนี้
  คอมเมนท์: ฮักแพงเมืองลาว ส..


 Copyright 2026. Bcnsprnw @Library